Sengo Nihon no keizai kikō /

Saved in:
Bibliographic Details
Main Author: Miyazaki, Yoshikazu, 1919-1998.
Format: Book
Language:Japanese
Published: Tōkyō : Shinhyōron, 1966
Edition:Shohan.
Series:Gendai keizaigaku sōsho ; 2
Subjects:
Tags: Add Tag
No Tags, Be the first to tag this record!
LEADER 01100cam a2200313 a 4500
001 007765634-2
005 20170419155008.0
008 901024s1966 ja a 001 0 jpn
010 |a j 67003590  
035 0 |a ocm22577063 
040 |a DLC  |c AzGAGS  |d OCoLC  |d MdU  |d *YNH*  |d CStRLIN 
050 0 |a HC462.9  |b .M578 1966 
100 1 |6 880-01  |a Miyazaki, Yoshikazu,  |d 1919-1998. 
245 1 0 |6 880-02  |a Sengo Nihon no keizai kikō /  |c Miyazaki Yoshikazu. 
250 |6 880-03  |a Shohan. 
260 |6 880-04  |a Tōkyō :  |b Shinhyōron,  |c 1966 
300 |a ix, 276 p., [1] folded leaf of plate :  |b ill. ;  |c 22 cm. 
490 0 |6 880-05  |a Gendai keizaigaku sōsho ;  |v 2 
500 |a Includes indexes. 
651 0 |a Japan  |x Economic conditions  |y 1945- 
740 0 |6 880-06  |a Nihon no keizai kikō. 
880 1 |6 100-01  |a 宮崎義一,  |d 1919-1998. 
880 1 0 |6 245-02  |a 戦後日本の経済機構 /  |c 宮崎義一. 
880 |6 250-03  |a 初版. 
880 |6 260-04  |a 東京 :  |b 新評論,  |c 1966 
880 0 |6 490-05  |a 現代経済学叢書 ;  |v 2 
880 0 |6 740-06  |a 日本の経済機構. 
988 |a 20021214 
906 |0 DLC